| 000 | 00705nam a2200265 a 4500 | ||
|---|---|---|---|
| 003 | AR-BaBNM | ||
| 005 | 20251128210716.0 | ||
| 008 | 082120s2002 ||||||||||||||000 | spa|| | ||
| 020 | _a950-739-580-6 | ||
| 040 | _cAR-BaBNM | ||
| 100 | 1 | _aMontessori, María | |
| 245 | 0 | 0 | _aLa educación de las potencialidades humanas |
| 260 |
_aBuenos Aires _bErrepar _c1998 |
||
| 300 | _a143 p. | ||
| 490 | 0 | _aNueva educación | |
| 650 | 4 | _aDIDACTICA | |
| 650 | 4 | _aHISTORIA DE LA EDUCACION | |
| 650 | 4 | _aFILOSOFIA DE LA EDUCACION | |
| 650 | 4 | _aFINALIDADES DE LA EDUCACION | |
| 650 | 4 | _aPSICOLOGIA DEL NIÑO | |
| 653 | _aMETODO MONTESSORI | ||
| 653 | _aESCUELA NUEVA | ||
| 942 | _cBK | ||
| 998 | _cRAQUEL | ||
| 999 |
_c16542 _d16542 |
||